[Event "Ch Vietnam"]
[Site "Dalat City (Vietnam)"]
[Date "2004.03.13"]
[Round "3"]
[White "Phung Nguyen Tuong Minh (VIE)"]
[Black "Nguyen Van Huy (VIE)"]
[Result "0-1"]
[WhiteElo "2091"]
[BlackElo "2325"]

1.d4 Nf6 2.g3 g6 3.Bg2 Bg7 4.c4 O-O 5.b3 c5 6.Bb2 cxd4 7.Bxd4 Nc6 8.Bb2 Qa5+
9.Bc3 Qb6 10.e3 Rd8 11.Qe2 d5 12.cxd5 Nb4 13.Nf3 Bd7 14.Na3 Nbxd5 15.Nc4 Nxc3
16.Nxb6 Nxe2 17.Nxa8 Nc3 18.Ne5 Rxa8 19.Nxd7 Nxd7 20.Bxb7 Rd8 21.Kf1 Nc5
22.Bf3 Rd2 23.Kg2 N3e4 24.Raf1 f5 25.b4 Nd3 26.Bxe4 fxe4 27.a4 Bh6 28.Kg1 Nxf2
{#R} 0-1

[Event "Olympiad"]
[Site "Calvia (Spain)"]
[Date "2004.10.19"]
[Round "5"]
[White "Dautov Rustem (GER)"]
[Black "Cvitan Ognjen (CRO)"]
[Result "1-0"]
[WhiteElo "2623"]
[BlackElo "2532"]

{ Dautov Rustem (GER) +2 =0 -0 } 1.d4 { 1 } 1...Nf6 2.c4 g6 3.g3 Bg7 4.Bg2 O-O
5.Nc3 c5 6.Nf3 cxd4 7.Nxd4 Qc7 { ?/= } 8.b3 ( 8.Ndb5 Qd8 9.O-O d6 10.h3 Nc6
11.Be3 a6 12.Na3 Bd7 13.Nd5 Nxd5 14.cxd5 Na7 15.Nc4 Nc8 16.Qd2 Rb8 17.Rac1 Bb5
18.Qb4 Qd7 19.b3 Qd8 20.Rc2 h5 21.h4 Bd7 22.Na5 Bf5 23.Rc4 Bg4 24.Nc6 bxc6
25.Qxb8 Bxe2 26.Rxc6 Bxf1 27.Bxf1 e5 { ...1-0, Aparicio Anibal 2291 - Ricardi
Pablo 2540 , San Luis 1990 Ch Argentina } ) ( 8.Nd5 Nxd5 9.cxd5 e5 10.dxe6
dxe6 11.O-O Rd8 12.Qc2 Qxc2 13.Nxc2 Nc6 14.Bg5 Re8 15.Rab1 h6 16.Be3 Bd7
17.Rfd1 Red8 18.b3 Be8 19.Na3 Nb4 20.Bxb7 Rxd1+ 21.Rxd1 Rb8 22.Bf3 Nxa2 23.Nc4
Nc3 24.Bxa7 Rc8 25.Nb6 Rc7 26.Bb8 Nxd1 27.Bxc7 Nc3 { ...1-0, Baburin Alexander
2590 - Gallagher Joseph G 2514 , England 2000 Ch England (team) 1999/00 } )
8...d5 9.Ndb5 ( 9.Bxd5 Bh3 10.Bb2 Rd8 11.Qc1 e6 12.Bf3 a6 13.Nc2 Nc6 14.Qf4
Ne5 15.Rc1 h6 16.Na4 Nfd7 17.Ne3 g5 18.Qe4 Nxf3+ 19.exf3 Nc5 20.Nxc5 Qa5+ {
0-1, Hansen Curt 2595 - Gelfand Boris 2665 , Cap d'Agde 1996 It (active) } ) (
9.O-O dxc4 10.Ncb5 Qd8 11.bxc4 a6 12.Nc3 e5 13.Nb3 Nc6 14.Be3 Nd7 15.Nd5 Re8
16.Rb1 Nf8 17.Nc5 b5 18.Ne4 Nd4 19.Bg5 Qa5 20.Ndf6+ { 1-0, Izoria Zviad 2533 -
Kocovski Ivan 2346 , Ohrid 2001 Ch Europe } ) ( 9.Bf4 Qa5 10.Bd2 dxc4 11.bxc4
Qd8 12.O-O Nc6 13.Ndb5 a6 14.Na3 { 1/2-1/2, Wojtkiewicz Aleksander 2565 -
Smirin Ilia 2664 , Moscow 2002 It (open) "Aeroflot" } ) 9...Qa5 10.Bd2 dxc4
11.bxc4 Nc6 ( 11...Qd8 12.O-O a6 13.Na3 Bf5 14.Nc2 Nc6 15.Ne3 Qd4 16.Rc1 Rad8
17.Nxf5 gxf5 18.Nd5 Ne4 19.Be3 Qxd1 20.Rfxd1 e6 21.Bxe4 fxe4 22.Nb6 Rxd1+
23.Rxd1 Rd8 24.Rb1 Bd4 25.Bxd4 Rxd4 26.Rb2 Kg7 27.c5 Rb4 28.Rd2 Rb1+ 29.Kg2
Rc1 30.Nd7 f5 31.Rb2 { ...1-0, Gelfand Boris 2665 - Sokolov Ivan 2670 , Wijk
aan Zee 1996 It (cat.17) } ) 12.O-O { } ( 12.Nd5 Qd8 13.Rc1 Bd7 14.O-O Rc8
15.Bg5 Na5 16.Bxf6 exf6 17.Nd6 Rc5 18.Qd4 b6 19.Ne4 Rc6 20.Rfd1 Bc8 21.Qe3 Qe8
22.Qa3 Kh8 23.Nd6 Qe5 24.Nxc8 Rfxc8 25.c5 Qxe2 26.cxb6 axb6 27.Bf3 { 0-1,
Duncker Joachim 2249 - Wojtkiewicz Aleksander 2567 , Bad Zwesten 1999 It
(open) } ) 12...Ng4 { N } ( 12...a6 13.Nd5 Qd8 14.Nbc3 Bf5 15.Rc1 Nxd5 16.cxd5
Ne5 17.Qb3 b5 18.a4 Nc4 19.Bf4 Nd6 20.axb5 axb5 21.e4 Bd7 22.e5 Nf5 23.Ne4 h6
24.Nc5 g5 25.e6 Nd4 26.Qd3 fxe6 27.Be3 e5 28.Nxd7 Qxd7 29.f4 gxf4 30.gxf4 Ra2
31.fxe5 Rxg2+ 32.Kxg2 { ...0-1, Blagojevic Dragisa 2475 - Antic Dejan 2435 ,
Budva 1996 Cup Yugoslavia (team) } ) 13.Nd5 Qd8 14.Rc1 a6 15.Nbc3 e6 16.Ne3
Nge5 17.c5 Qe7 { } ( 17...f5 { !? } 18.f4 Qd4 19.fxe5 Bh6 { } ) 18.Ne4 Rd8
19.Nd6 Rb8 20.Bc3 Na7 21.f4 Nec6 22.Bxg7 Kxg7 23.Nec4 Bd7 24.Qd2 Nc8 25.Rfd1
Nxd6 26.cxd6 Qe8 27.Nb6 e5 28.Qb2 f6 29.fxe5 Nxe5 30.Rc7 Kh6 31.Qd2+ g5 32.h4
Qe6 33.hxg5+ fxg5 34.Qe3 Rf8 35.Qe4 Qf6 36.Nxd7 { } {#r} 1-0

[Event "Ch South Region "]
[Site "Krasnodar (Russia)"]
[Round "0"]
[White "Serebriakov Alexander (RUS)"]
[Black "Vastrukhin Oleg (RUS)"]
[Result "0-1"]
[WhiteElo "2213"]
[BlackElo "2211"]

1.d4 Nf6 2.g3 g6 3.c4 Bg7 4.Bg2 c5 5.Nf3 cxd4 6.O-O Nc6 7.Nxd4 Qb6 8.Nb3 d6
9.Nc3 O-O 10.Nd5 Nxd5 11.cxd5 Ne5 12.Be3 Qa6 13.Bd4 Bd7 14.Nc1 Rac8 15.h3 Rc7
16.b3 f5 17.f4 Nf7 18.Bxg7 Kxg7 19.Qd4+ Kg8 20.Nd3 Rfc8 21.Kh2 Bb5 22.Nb4 Qa3
23.Rfe1 a5 24.Nd3 Rc2 25.Qe3 Bxd3 26.exd3 Qb2 27.Rg1 Rxg2+ {#R} 0-1

[Event "Ch Chess Club"]
[Site "Tula (Russia)"]
[Date "2005.10.15"]
[Round "1"]
[White "Shishkin Pavel (RUS)"]
[Black "Ivashko Evgeny (RUS)"]
[Result "0-1"]
[WhiteElo "2193"]
[BlackElo "2175"]

1.d4 g6 2.c4 Bg7 3.g3 Nf6 4.Bg2 O-O 5.e4 d6 6.f4 c5 7.Ne2 cxd4 8.Nxd4 Qb6
9.Nb3 Bg4 10.Qd3 Nc6 11.a3 Nd7 12.h3 Be6 13.Ra2 Rfd8 14.N1d2 Rac8 15.Na1 Qa5
16.O-O Nb4 17.axb4 Qxa2 18.Nab3 Nb6 19.f5 Bxc4 20.Nxc4 Nxc4 21.Bg5 Ne5 22.Qd1
Rd7 23.Rf2 Qa6 24.Bf1 Qc6 25.b5 Qxe4 26.Nd4 Nc4 27.f6 Bxf6 28.Bxf6 exf6 29.Bg2
Qe3 30.b3 Nb2 31.Qg4 Rc1+ {#R} 0-1

[Event "It (open)"]
[Site "Padova (Italy)"]
[Date "2006.12.20"]
[Round "5"]
[White "Rossi Giampiero (ITA)"]
[Black "Ceccato Alessandro"]
[Result "1-0"]
[WhiteElo "1976"]
[BlackElo "1700"]

1.d4 Nf6 2.c4 g6 3.g3 Bg7 4.Bg2 O-O 5.Nc3 d6 6.Nf3 Na6 7.O-O c5 8.b3 Rb8 9.Bb2
Re8 10.Qd2 cxd4 11.Nxd4 Nc5 12.Rad1 a6 13.e4 e5 14.Nc2 Bf8 15.Rfe1 Bg4 16.f3
Be6 17.Ne3 Qb6 18.Kh1 Rbd8 19.Ncd5 Nxd5 20.Nxd5 Bxd5 21.cxd5 a5 22.Bc3 Ra8
23.Bf1 h5 24.Rb1 Qc7 25.Qb2 Rab8 26.Rec1 b6 27.a3 Qe7 28.Bb5 Red8 29.b4 axb4
30.axb4 Nd7 31.Bd2 Qf6 32.Kg2 g5 33.Rc7 Nc5 34.bxc5 bxc5 35.Qc2 Qg6 36.Bd3
Rxb1 37.Qxb1 Bh6 38.g4 {#r} 1-0

[Event "It (open)"]
[Site "Prague (Czech Republic)"]
[Date "2008.01.16"]
[Round "7"]
[White "Jaeger Andre (GER)"]
[Black "Sterba Karel (CZE)"]
[Result "1-0"]
[WhiteElo "2028"]
[BlackElo "1855"]

1.d4 Nf6 2.c4 g6 3.g3 Bg7 4.Bg2 O-O 5.Nc3 c5 6.Nf3 d5 7.O-O cxd4 8.Qxd4 Ne4
9.Qxd5 Nxc3 10.bxc3 Bxc3 11.Bh6 Bg7 12.Bxg7 Kxg7 13.Nd4 Nd7 14.Rfd1 a6 15.Nb3
Qc7 16.Rac1 Nf6 17.Qc5 Qxc5 18.Nxc5 Rb8 19.Rb1 b6 20.Rb2 e5 21.Rdb1 Bf5 22.e4
Rbc8 23.exf5 Rxc5 24.fxg6 Rxc4 25.Rxb6 Ra4 26.R1b2 hxg6 27.Bb7 a5 28.Bc6 Ra3
29.R6b3 Rxb3 30.Rxb3 Rd8 31.Rb5 Rd6 32.Bg2 Rd1+ 33.Bf1 Ne4 34.Kg2 Rd2 35.Rxe5
Nxf2 36.Re2 Ne4 37.Rxd2 Nxd2 38.Bd3 {#r} 1-0

[Event "Tournament"]
[Site "Tczew (Poland)"]
[Date "2008.05.08"]
[Round "3"]
[White "Krzywkowski Marcin (POL)"]
[Black "Mielke Patryk (POL)"]
[Result "1-0"]
[WhiteElo "1984"]
[BlackElo "1693"]

1.d4 g6 2.c4 Bg7 3.g3 Nf6 4.Bg2 d6 5.e4 O-O 6.Ne2 c5 7.O-O cxd4 8.Nxd4 Nc6
9.Nc2 Be6 10.Ne3 Ne5 11.Na3 Rc8 12.b3 a6 13.h3 Nc6 14.Bb2 Qa5 15.Qe2 Nd4
16.Bxd4 Qxa3 17.f4 Qa5 18.f5 Bd7 19.Bxf6 Bxf6 20.Rad1 Bc6 21.Ng4 Qc5+ 22.Kh2
Bg7 23.f6 exf6 24.Nxf6+ Bxf6 25.Rxf6 Rcd8 26.Qd2 Qe5 27.Qf2 Rd7 28.h4 Kg7
29.Rf4 Qe6 30.Bh3 Qe5 31.Bxd7 Bxd7 32.Qd4 Qxd4 33.Rxd4 d5 34.exd5 f5 35.Rd2
Re8 36.Rff2 Kf6 37.g4 Re4 38.g5+ Ke5 39.Rde2 Kd4 40.Rxe4+ fxe4 41.Kg1 Bh3
42.d6 Kd3 43.Rg2 e3 44.Rg3 Bf5 45.Kf1 Kd2 46.Rg2+ Kd3 47.Ke1 Bd7 48.Rg1 Bh3
49.Rf1 Bxf1 50.d7 e2 51.d8=Q+ Ke4 52.Qe7+ Kf5 53.Qxh7 Bh3 54.h5 Bg4 55.Qxg6+
Ke5 56.h6 {#r} 1-0

[Event "It (open) (b)"]
[Site "Vladimir (Russia)"]
[Date "2008.08.20"]
[Round "8"]
[White "Milkin Sergey (RUS)"]
[Black "Magrifin Iljanur (RUS)"]
[Result "0-1"]
[WhiteElo "2037"]
[BlackElo "2143"]

1.d4 Nf6 2.c4 g6 3.g3 Bg7 4.Bg2 O-O 5.Nf3 c5 6.O-O cxd4 7.Nxd4 Nc6 8.e3 Nxd4
9.exd4 Qc7 10.Qb3 d6 11.Bf4 e5 12.Be3 Ng4 13.Rd1 Nxe3 14.fxe3 Be6 15.Na3 Rab8
16.d5 Bd7 17.Rac1 a6 18.c5 dxc5 19.d6 Qc8 20.Qb6 Qd8 21.Nc4 Be6 22.Qxc5 Qg5
23.Nb6 Rfd8 24.Nd5 h5 25.Ne7+ Kh7 26.Qb6 h4 27.gxh4 Qxh4 28.Rf1 Qg5 29.Rf3 e4
30.Rg3 Qe5 31.Qb4 Qxd6 32.Qxd6 Rxd6 33.Bxe4 Bxb2 34.Rc2 Be5 35.Rf3 f5 36.Rh3+
Kg7 {#R} 0-1

[Event "Ch Madrid (Previa B)"]
[Site "Madrid (Spain)"]
[Date "2008.11.06"]
[Round "1"]
[White "Benito Mellado Humberto (ESP)"]
[Black "Escoredo Garcia Jesus (ESP)"]
[Result "1-0"]
[WhiteElo "1653"]
[BlackElo "1906"]

1.d4 g6 2.c4 Bg7 3.g3 Nf6 4.Bg2 O-O 5.e4 d6 6.h3 Nbd7 7.Ne2 c5 8.O-O cxd4
9.Qxd4 a6 10.Nbc3 Qc7 11.Be3 Nc5 12.Qd2 Rb8 13.b3 Rd8 14.Bh6 Bh8 15.Rad1 Be6
16.Nf4 Bd7 17.Nfd5 Nxd5 18.Nxd5 {#r} 1-0

[Event "It (open) (a)"]
[Site "Sukhumi (Georgia)"]
[Date "2009.08.05"]
[Round "3"]
[White "Iljushina Olga (RUS)"]
[Black "Andreikin Dmitry (RUS)"]
[Result "0-1"]
[WhiteElo "2366"]
[BlackElo "2648"]

1.d4 Nf6 2.c4 g6 3.g3 Bg7 4.Bg2 c5 5.Nf3 cxd4 6.Nxd4 Nc6 7.Nc3 Nxd4 8.Qxd4 O-O
9.O-O d6 10.Qd2 Be6 11.Bxb7 Rb8 12.Bd5 Nxd5 13.cxd5 Bh3 14.Rd1 Qa5 15.Qc2 Qb4
16.Be3 Qxb2 17.Qxb2 Rxb2 18.Rac1 Rc8 19.Ne4 Rxa2 20.Rxc8+ Bxc8 21.Rb1 Bb2
22.Bxa7 Bf5 23.f3 Be5 24.Bf2 Rxe2 25.Kf1 Rc2 26.Rb7 Kf8 27.Rb4 h6 28.h4 Bh3+
29.Ke1 f5 30.Kd1 Ra2 31.Nd2 Ra5 32.Kc2 Rxd5 {#R} 0-1

[Event "It (open) \"]
[Site "Berlin (Germany)"]
[Date "2009.08.15"]
[Round "1"]
[White "Heldt Ronny"]
[Black "Jordans Ralph (GER)"]
[Result "0-1"]
[WhiteElo "1112"]
[BlackElo "1870"]

1.d4 Nf6 2.c4 g6 3.g3 Bg7 4.Bg2 O-O 5.Nf3 c5 6.O-O Qb6 7.Nc3 d6 8.Re1 Nc6 9.e3
Na5 10.b3 Nc6 11.d5 Nb4 12.a3 Na6 13.Rb1 Ng4 14.Bb2 Bd7 15.Ne4 Bxb2 16.Rxb2
Qa5 17.a4 Bf5 18.Nfd2 Ne5 19.Qe2 Nb4 20.Rd1 Bg4 21.Nf3 h6 22.h3 Nxf3+ 23.Bxf3
Bxh3 24.g4 f5 25.Ng3 Kh7 26.Kh2 fxg4 27.Bxg4 Bxg4 28.Qxg4 Qd8 29.Rg1 Rg8
30.Ne4 Qe8 31.f4 Qf7 32.Rf2 Qf5 33.Qxf5 gxf5 34.Ng3 Raf8 35.Rfg2 Rf7 36.Nh5
Rxg2+ 37.Rxg2 Nd3 38.Ng3 b6 39.Kh3 Nb4 40.Kh2 a5 41.Kh3 Na6 42.Rf2 Nc7 43.e4
fxe4 44.Nxe4 Ne8 45.f5 Nf6 46.Nxf6+ Rxf6 47.Kg3 Kg7 48.Kg4 Rf8 49.Kf4 Rh8
50.Rg2+ Kf7 51.Rg3 h5 52.Rh3 Kf6 53.Rf3 h4 54.Kg4 h3 55.Rxh3 Rxh3 56.Kxh3 Kxf5
57.Kh4 e6 58.dxe6 Kxe6 59.Kg4 Ke5 60.Kf3 Kd4 61.Kf4 Kc3 62.Ke4 Kxb3 63.Kd5
Kxa4 64.Kxd6 Kb4 65.Kc6 a4 66.Kxb6 a3 67.Kc6 a2 68.Kd5 a1=Q {#R} 0-1

[Event "Bundesliga (2nd) 2011/12 (w)"]
[Site "Germany"]
[Date "2011.10.30"]
[Round "2"]
[White "Lennartz Christina (GER)"]
[Black "Heinicke Wenke (GER)"]
[Result "0-1"]
[WhiteElo "1822"]
[BlackElo "2044"]

1.d4 Nf6 2.g3 g6 3.Bg2 Bg7 4.c4 O-O 5.e3 d6 6.Ne2 e5 7.dxe5 dxe5 8.Qb3 Nbd7
9.O-O Nc5 10.Qa3 Qe7 11.b4 Na6 12.b5 Nc5 13.Nbc3 Re8 14.Rd1 Bg4 15.h3 Bxe2
16.Nxe2 a6 17.Qb4 axb5 18.cxb5 Ra4 19.Qc3 Nfe4 20.Qc2 b6 21.Rd5 Qe6 22.Bxe4
Nxe4 23.Rd1 Rc4 24.Qd3 Nd6 25.Rb1 Qxh3 26.Ba3 e4 27.Qb3 Qg4 28.Nd4 Rxd4
29.exd4 e3 30.Bxd6 exf2+ 31.Kxf2 Bxd4+ 32.Rxd4 Qxd4+ 33.Kg2 Qxd6 34.Rf1 Re2+
35.Kg1 Qe6 {#R} 0-1

[Event "It (open)"]
[Site "Weilburg (Germany)"]
[Round "2"]
[White "Stockmann Michael (GER)"]
[Black "Geiger Michael (GER)"]
[Result "1-0"]
[WhiteElo "2284"]
[BlackElo "2068"]

1.d4 Nf6 2.g3 g6 3.Bg2 Bg7 4.c4 d6 5.Nf3 c6 6.Nc3 Nbd7 7.O-O O-O 8.h3 h6 9.e4
e5 10.Re1 Qb6 11.Rb1 exd4 12.Nxd4 Re8 13.Be3 Qc7 14.Qd2 Kh7 15.g4 Ne5 16.b3
Nexg4 17.hxg4 Nxg4 18.Bf4 Qb6 19.Rbd1 Qc5 20.f3 Nf6 21.Na4 Qh5 22.Kf2 Qh4+
23.Bg3 Qg5 24.Qxg5 hxg5 25.Bxd6 {#r} 1-0